| 000 | 00722nam a2200217Ii 4500 | ||
|---|---|---|---|
| 001 | 1150 | ||
| 003 | CO-ViMGA | ||
| 008 | 241108s9999||||xx |||||||||||||| ||und|| | ||
| 020 | _a980251067X | ||
| 040 |
_aCO-ViMGA _bspa _erda _cCO-ViMGA |
||
| 041 | 0 | _aspa | |
| 082 | 0 | 4 | _a370.9 P14e2 |
| 100 | 1 |
_aJesús Palacios _948527 |
|
| 245 | 1 | 0 |
_aLa educación en el siglo XX, (II) : _bla crítica antiautoritaria Ferrer, Neill, Rogers, Lobrot, Oury, Vásquez |
| 264 | 1 | _a[Lugar de publicación no identificado] : Laboratorio Educativo, 1997 | |
| 300 | _avolumen | ||
| 336 |
_atext _btxt _2rdacontent |
||
| 337 |
_aunmediated _bn _2rdamedia |
||
| 338 |
_avolume _bnc _2rdacarrier |
||
| 940 | _aidficha_siabuc: 1128. -- ficha_no_siabuc:1150 | ||
| 999 |
_c43169 _d43169 |
||